Eastern Utah Libraries Catalog: Duchesne, Heber, Roosevelt, & Vernal

Dinosaur predators on the plain / (Record no. 242058)

MARC details
000 -LEADER
fixed length control field 03717pam a2200661 i 4500
001 - CONTROL NUMBER
control field 2794305
005 - DATE AND TIME OF LATEST TRANSACTION
control field 20190307120025.0
008 - FIXED-LENGTH DATA ELEMENTS--GENERAL INFORMATION
fixed length control field 181105s2018 mnua c 001 0 eng d
010 ## - LIBRARY OF CONGRESS CONTROL NUMBER
LC control number 2018288939
020 ## - INTERNATIONAL STANDARD BOOK NUMBER
International Standard Book Number 9781541501010 (hbk.) :
Terms of availability $27.99
020 ## - INTERNATIONAL STANDARD BOOK NUMBER
International Standard Book Number 1541501012 (hbk.) :
Terms of availability $27.99
020 ## - INTERNATIONAL STANDARD BOOK NUMBER
Cancelled/invalid ISBN 9781541523975 (eb pdf)
035 ## - SYSTEM CONTROL NUMBER
System control number (OCoLC)1021809482
035 ## - SYSTEM CONTROL NUMBER
System control number (OCoLC)on1021809482
035 ## - SYSTEM CONTROL NUMBER
System control number 2781333
040 ## - CATALOGING SOURCE
Original cataloging agency GL5
Language of cataloging eng
Transcribing agency GL5
Description conventions rda
Modifying agency OCLCO
-- JQM
-- YDX
-- BDX
-- DLC
042 ## - AUTHENTICATION CODE
Authentication code lccopycat
049 ## - LOCAL HOLDINGS (OCLC)
Holding library IGAA
050 00 - LIBRARY OF CONGRESS CALL NUMBER
Classification number QE861.5
Item number .M342975 2018
082 04 - DEWEY DECIMAL CLASSIFICATION NUMBER
Classification number 567.9
Edition number 23
092 ## - LOCALLY ASSIGNED DEWEY CALL NUMBER (OCLC)
Classification number 567.9
Item number M411D 2018
999 ## - SYSTEM CONTROL NUMBERS (KOHA)
Koha Dewey Subclass [OBSOLETE] 567.9 M411D 2018
100 1# - MAIN ENTRY--PERSONAL NAME
Personal name Mason, Paul,
Dates associated with a name 1967-
Relator term author.
9 (RLIN) 5768638
245 10 - TITLE STATEMENT
Title Dinosaur predators on the plain /
Statement of responsibility, etc by Paul Mason ; illustrated by Andre Leonard.
264 #1 - Production, Publication, Distribution, Manufacture, and Copyright Notice.
Place of production, publication, distribution, manufacture Minneapolis :
Name of producer, publisher, distributor, manufacturer Hungry Tomato,
Date of production, publication, distribution, manufacture, or copyr 2018.
300 ## - PHYSICAL DESCRIPTION
Extent 31 pages :
Other physical details color illustrations ;
Dimensions 24 cm.
336 ## - Content Type
Content type term text
337 ## - Media type
Media type term unmediated
338 ## - Carrier type
Carrier type term volume
490 1# - SERIES STATEMENT
Series statement Dinosaurs rule
500 ## - GENERAL NOTE
General note Includes index.
505 0# - FORMATTED CONTENTS NOTE
Formatted contents note Dinosaur rulers: Allosaurus, Brontosaurus -- Locked in combat: Velociraptor, Protoceratops -- Attack on Junior: Utahraptor, Iguanacolossus -- Deadly tail spikes: Ceratosaurus, Stegosaurus -- Lost and alone: Deinonychus, Tenontosaurus -- Believe it or not! -- Dinosaur puzzlers -- Glossary -- Index.
520 ## - SUMMARY, ETC.
Summary, etc The sweeping grasslands are a raging battleground! Witness towering Utahraptors threatening a young Iguanacolossus, Allosaurus locked on to giant Brontosaurus, and other titanic fights to the death. No dinosaur can surrender--all want to be predator, not prey.--
521 1# - TARGET AUDIENCE NOTE
Target audience note 8-12
Source Brodart.
521 2# - TARGET AUDIENCE NOTE
Target audience note 3-7
Source Brodart.
650 #0 - SUBJECT ADDED ENTRY--TOPICAL TERM
Topical term or geographic name as entry element Dinosaurs
Form subdivision Juvenile literature.
9 (RLIN) 5673950
650 #0 - SUBJECT ADDED ENTRY--TOPICAL TERM
Topical term or geographic name as entry element Dinosaurs
General subdivision Behavior
Form subdivision Juvenile literature.
9 (RLIN) 5768632
650 #7 - SUBJECT ADDED ENTRY--TOPICAL TERM
Topical term or geographic name as entry element Dinosaurs.
Source of heading or term fast
9 (RLIN) 82745
650 #7 - SUBJECT ADDED ENTRY--TOPICAL TERM
Topical term or geographic name as entry element Dinosaurs
General subdivision Behavior.
Source of heading or term fast
9 (RLIN) 5768633
650 #1 - SUBJECT ADDED ENTRY--TOPICAL TERM
Topical term or geographic name as entry element Dinosaurs.
9 (RLIN) 82745
650 #1 - SUBJECT ADDED ENTRY--TOPICAL TERM
Topical term or geographic name as entry element Dinosaurs
General subdivision Behavior.
9 (RLIN) 5768633
650 #0 - SUBJECT ADDED ENTRY--TOPICAL TERM
Topical term or geographic name as entry element Dinosaurs
Form subdivision Miscellanea
-- Juvenile literature.
9 (RLIN) 5744685
650 #1 - SUBJECT ADDED ENTRY--TOPICAL TERM
Topical term or geographic name as entry element Dinosaurs
Form subdivision Miscellanea.
9 (RLIN) 5744687
655 #7 - INDEX TERM--GENRE/FORM
Genre/form data or focus term Juvenile works.
Source of term fast
9 (RLIN) 5673941
700 1# - ADDED ENTRY--PERSONAL NAME
Personal name Leonard, Andre,
Dates associated with a name 1954-
Relator term illustrator.
9 (RLIN) 5768639
800 1# - SERIES ADDED ENTRY--PERSONAL NAME
Personal name Mason, Paul,
Dates associated with a name 1967-
Title of a work Dinosaurs rule.
9 (RLIN) 5768635
942 ## - ADDED ENTRY ELEMENTS (KOHA)
Source of classification or shelving scheme Dewey Decimal Classification
Koha item type BOOK
948 ## - LOCAL PROCESSING INFORMATION (OCLC); SERIES PART DESIGNATOR (RLIN)
Series part designator, SPT (RLIN) BPC
b (OCLC) CHILDREN'S
p (OCLC) X119501104
k (OCLC) J
h (OCLC) 567.9
i (OCLC) M411D 2018
f (OCLC) 1
r (OCLC) 2
g (OCLC) 1
7 (OCLC) 0
u (OCLC) 3
w (OCLC) 11
s (OCLC) 0
o (OCLC) BPC
0 (OCLC) $27.99
y (OCLC) 99
c (OCLC) 88
j (OCLC) Dewey Decimal
n (OCLC) On-Order
e (OCLC) 1454214-4
9 (OCLC) Item generated Dec 13 2018 9:35AM
948 ## - LOCAL PROCESSING INFORMATION (OCLC); SERIES PART DESIGNATOR (RLIN)
Series part designator, SPT (RLIN) BRF
b (OCLC) CHILDREN'S
p (OCLC) X119501112
k (OCLC) J
h (OCLC) 567.9
i (OCLC) M411D 2018
f (OCLC) 1
r (OCLC) 2
g (OCLC) 1
7 (OCLC) 0
u (OCLC) 3
w (OCLC) 11
s (OCLC) 0
o (OCLC) BRF
0 (OCLC) $27.99
y (OCLC) 99
c (OCLC) 88
j (OCLC) Dewey Decimal
n (OCLC) On-Order
e (OCLC) 1454214-5
9 (OCLC) Item generated Dec 13 2018 9:35AM
948 ## - LOCAL PROCESSING INFORMATION (OCLC); SERIES PART DESIGNATOR (RLIN)
Series part designator, SPT (RLIN) BLW
b (OCLC) CHILDREN'S
p (OCLC) X119501120
k (OCLC) J
h (OCLC) 567.9
i (OCLC) M411D 2018
f (OCLC) 1
r (OCLC) 2
g (OCLC) 1
7 (OCLC) 0
u (OCLC) 3
w (OCLC) 11
s (OCLC) 0
o (OCLC) BLW
0 (OCLC) $27.99
y (OCLC) 99
c (OCLC) 88
j (OCLC) Dewey Decimal
n (OCLC) On-Order
e (OCLC) 1454214-1
9 (OCLC) Item generated Dec 13 2018 9:35AM
948 ## - LOCAL PROCESSING INFORMATION (OCLC); SERIES PART DESIGNATOR (RLIN)
Series part designator, SPT (RLIN) BOL
b (OCLC) CHILDREN'S
p (OCLC) X119501138
k (OCLC) J
h (OCLC) 567.9
i (OCLC) M411D 2018
f (OCLC) 1
r (OCLC) 2
g (OCLC) 1
7 (OCLC) 0
u (OCLC) 3
w (OCLC) 11
s (OCLC) 0
o (OCLC) BOL
0 (OCLC) $27.99
y (OCLC) 99
c (OCLC) 88
j (OCLC) Dewey Decimal
n (OCLC) On-Order
e (OCLC) 1454214-2
9 (OCLC) Item generated Dec 13 2018 9:35AM
948 ## - LOCAL PROCESSING INFORMATION (OCLC); SERIES PART DESIGNATOR (RLIN)
Series part designator, SPT (RLIN) BMC
b (OCLC) CHILDREN'S
p (OCLC) X119501146
k (OCLC) J
h (OCLC) 567.9
i (OCLC) M411D 2018
f (OCLC) 1
r (OCLC) 2
g (OCLC) 1
7 (OCLC) 0
u (OCLC) 3
w (OCLC) 11
s (OCLC) 0
o (OCLC) BMC
0 (OCLC) $27.99
y (OCLC) 99
c (OCLC) 88
j (OCLC) Dewey Decimal
n (OCLC) On-Order
e (OCLC) 1454214-3
9 (OCLC) Item generated Dec 13 2018 9:35AM
Holdings
Withdrawn status Lost status Source of classification or shelving scheme Damaged status Not for loan Collection code Home library Current library Shelving location Date acquired Source of acquisition Cost, normal purchase price Total Checkouts Total Renewals Full call number Barcode Date last seen Date checked out Cost, replacement price Price effective from Koha item type
    Dewey Decimal Classification     Junior NonFiction Wasatch County Library Wasatch County Library Second Floor 04/23/2019   20.99 23 19 J 567.9 Mas 34301001589128 01/28/2026 12/09/2025 20.99 03/20/2020 BOOK
This project was made possible through a grant from the Institute of Museum and Library Service administered by the Utah State Library Division.

Wasatch County Library

  • 465 East 1200 South, Heber City, Utah 84032
  • Phone 435-654-1511 | Fax 435-654-6456

Hours

  • Monday - Friday 9:30 AM - 8:00 PM
  • Saturday 9:30 AM - 1:30 PM
  • Closed Sundays and Holidays